| 000 | 00355nam a2200133Ia 4500 | ||
|---|---|---|---|
| 008 | 190723s9999 xx 000 0 und d | ||
| 020 | _a978-81-317-1408-9 | ||
| 100 | _aEfraim Turban | ||
| 245 | 0 | _aElectronic commerce 2004 : a managerial perspective | |
| 250 | _a1st ed. | ||
| 260 |
_aNew Delhi _bPearson Education _c2008 |
||
| 300 | _a714 p. | ||
| 942 | _cBK | ||
| 999 |
_c1505 _d1505 |
||